书目信息 |
| 题名: |
中国消失的服饰
|
|
| 作者: | 吴欣 著 | |
| 分册: | ||
| 出版信息: | 济南 山东画报出版社 2010.05 |
|
| 页数: | 222页 | |
| 开本: | 23cm | |
| 丛书名: | 消失之谜系列 | |
| 单 册: | ||
| 中图分类: | TS941.742 | |
| 科图分类: | ||
| 主题词: | 服饰--fu shi--历史--中国 | |
| 电子资源: | ||
| ISBN: | 978-7-5474-0008-1 | |
| 000 | 00876nam 2200253 450 | |
| 001 | 012011527250 | |
| 005 | 20111124104235.65 | |
| 010 | @a978-7-5474-0008-1@dCNY24.00 | |
| 100 | @a20111124d2010 em y0chiy0120 ea | |
| 101 | 0 | @achi |
| 102 | @aCN@b370000 | |
| 105 | @aa z 000yy | |
| 106 | @ar | |
| 200 | 1 | @a中国消失的服饰@Azhong guo xiao shi de fu shi@f吴欣著@Fwu xin zhu |
| 210 | @a济南@c山东画报出版社@d2010.05 | |
| 215 | @a222页@c图@d23cm | |
| 225 | 2 | @a消失之谜系列@Axiao shi zhi mi xi lie |
| 330 | @a本书共分为九章,主要内容包括:服装的“出现”与“消失”;冠冕之制:终结于帝制时代的章服;百姓衣裳:岁月中演进的男子服饰;红袖裙裳:不断变化中的女子服饰等。 | |
| 410 | 0 | @12001 @a消失之谜系列 |
| 606 | 0 | @a服饰@Afu shi@x历史@y中国 |
| 690 | @aTS941.742@v4 | |
| 701 | 0 | @a吴欣@Awu xin@4著 |
| 801 | 0 | @aCN@bQSSK@c20111124 |
| 905 | @b795459-61@dTS941.742@eW895@f3 | |
| 中国消失的服饰/吴欣著.-济南:山东画报出版社,2010.05 |
| 222页:图;23cm.-(消失之谜系列) |
| ISBN 978-7-5474-0008-1:CNY24.00 |
| 本书共分为九章,主要内容包括:服装的“出现”与“消失”;冠冕之制:终结于帝制时代的章服;百姓衣裳:岁月中演进的男子服饰;红袖裙裳:不断变化中的女子服饰等。 |
| ● |
| 相关链接 |
|
|
|
正题名:中国消失的服饰
索取号:TS941.742/W895
 
预约/预借
| 序号 | 登录号 | 条形码 | 馆藏地/架位号 | 状态 | 备注 |
| 1 | 795459 | 207954597 | 自科二线504/501自科库 44排1列1层/ [索取号:TS941.742/W895] | 在馆 | |
| 2 | 795460 | 207954604 | 自科库501/501自科库 44排1列1层/ [索取号:TS941.742/W895] | 在馆 | |
| 3 | 795461 | 207954613 | 自科库501/501自科库 44排1列1层/ [索取号:TS941.742/W895] | 在馆 |